01775nam a2200385 a 4500001001100000003000800011006001900019007001500038008004100053010001700094020002600111040002100137035002000158050002300178082001700201100002500218245012900243260006400372300001500436490003400451504005100485533015200536650007500688650007200763650006400835650006200899651008400961651007301045651004601118655002901164710001701193830003501210856012501245999001901370ebr2000806CaPaEBRm u cr cn|||||||||980812s1999 enk sb 001 0 eng  z 98039338  z0521651867 (hardback) aCaPaEBRcCaPaEBR a(OCoLC)5068035514aDA406b.W35 1999eb04a942.06/22211 aWalter, John,d1948-10aUnderstanding popular violence in the English Revolutionh[electronic resource] :bthe Colchester plunderers /cJohn Walter. aCambridge ;aNew York :bCambridge University Press,c1999. axi, 357 p.1 aPast and present publications aIncludes bibliographical references and index. aElectronic reproduction.bPalo Alto, Calif. :cebrary,d2013.nAvailable via World Wide Web.nAccess may be limited to ebrary affiliated libraries. 0aPolitical violencezEnglandzColchester RegionxHistoryy17th century. 0aSocial conflictzEnglandzColchester RegionxHistoryy17th century. 0aPillagezEnglandzColchester RegionxHistoryy17th century. 0aRiotszEnglandzColchester RegionxHistoryy17th century. 0aGreat BritainxHistoryyPuritan Revolution, 1642-1660xDestruction and pillage. 0aStour Valley (Cambridgeshire, Essex, and Suffolk, England)xHistory. 0aColchester (England : District)xHistory. 7aElectronic books.2local2 aebrary, Inc. 0aPast and present publications.40uhttp://site.ebrary.com/lib/rucke/Doc?id=2000806zAn electronic book accessible through the World Wide Web; click to view c126044d126044